000 00459nam a2200181Ia 4500
008 221030s9999 xx 000 0 und d
020 _a0706995716
041 _aEnglish
082 _a105.23
_bSha
100 _aK. K. Sharma
245 2 _aA Text Book of Physical Chemistry
_cby K. K. Sharma, L. K. Sharma
250 _a4th
260 _bVikas Pub. House
_aNew Delhi
_c2004
300 _a210
650 _aChemistry
700 _aL. K. Sharma
942 _cBK
999 _c2099
_d2099